| 000 -LEADER |
| fixed length control field |
00470nam a22001577a 4500 |
| 008 - FIXED-LENGTH DATA ELEMENTS--GENERAL INFORMATION |
| fixed length control field |
131011b xxu||||| |||| 00| 0 eng d |
| 041 0# - LANGUAGE CODE |
| Language code of text/sound track or separate title |
eng |
| 080 ## - UNIVERSAL DECIMAL CLASSIFICATION NUMBER |
| Universal Decimal Classification number |
165 |
| 245 10 - TITLE STATEMENT |
| Title |
Quantity & Quality / |
| Statement of responsibility, etc |
Daniel Lerner |
| 260 ## - |
| -- |
New York : |
| -- |
The Free Press of Glencoe, Inc. ; |
| -- |
1961 |
| 300 ## - |
| -- |
221 f. : |
| -- |
21 cm. |
| 500 ## - |
| -- |
Preface f. : 5-6 |
| 650 #0 - |
| -- |
Teoria e njohjes |
| 650 #0 - |
| -- |
Metodologjia |
| 942 ## - ADDED ENTRY ELEMENTS (KOHA) |
| Source of classification or shelving scheme |
|
| Item type |
Books |